Two wrongs are made right (Record no. 68107)
[ view plain ]
| 000 -LEADER | |
|---|---|
| fixed length control field | 01061cam a2200193 4500 |
| 001 - CONTROL NUMBER | |
| control field | WB3732-38 |
| 008 - FIXED-LENGTH DATA ELEMENTS--GENERAL INFORMATION | |
| fixed length control field | 010829n2001 000 0 eng u |
| 035 ## - SYSTEM CONTROL NUMBER | |
| System control number | (Sirsi) u114366 |
| 245 ## - TITLE STATEMENT | |
| Title | Two wrongs are made right |
| 260 ## - PUBLICATION, DISTRIBUTION, ETC. | |
| Date of publication, distribution, etc. | 2001 |
| 490 ## - SERIES STATEMENT | |
| Series statement | Estates Gazette |
| Volume/sequential designation | (0134) 25 August 2001, 97(1) |
| 520 ## - SUMMARY, ETC. | |
| Summary, etc. | Discusses the possibility of rectifying in the courts a mistake made in a complex legal document such as a lease. Looks at "City of London Real Property Co Ltd v CGU International Insurance plc". In this case both parties were held to have made a mistake in a rent review clause. The court therefore ordered the rectification of the rent review provision. Notes the importance of claimants in this situation providing convincing evidence that the common intention continued up to the document's execution. |
| 590 ## - LOCAL NOTE (RLIN) | |
| Local note | WB |
| 650 ## - SUBJECT ADDED ENTRY--TOPICAL TERM | |
| Topical term or geographic name entry element | MISTAKES AND OMISSIONS |
| 650 ## - SUBJECT ADDED ENTRY--TOPICAL TERM | |
| Topical term or geographic name entry element | CITY OF LONDON REAL PROPERTY CO V CGU INTERNATIONAL INSURANCE |
| 650 ## - SUBJECT ADDED ENTRY--TOPICAL TERM | |
| Topical term or geographic name entry element | RENT REVIEW CLAUSES |
| 690 ## - LOCAL SUBJECT ADDED ENTRY--TOPICAL TERM (OCLC, RLIN) | |
| Topical term or geographic name as entry element | LANDLORD AND TENANT-RENT REVIEWS-CASE LAW |
| 942 ## - ADDED ENTRY ELEMENTS (KOHA) | |
| Suppress in OPAC | 0 |
| Withdrawn status | Lost status | Source of classification or shelving scheme | Damaged status | Not for loan | Home library | Current library | Shelving location | Date acquired | Total Checkouts | Full call number | Barcode | Date last seen | Copy number | Price effective from | Koha item type |
|---|---|---|---|---|---|---|---|---|---|---|---|---|---|---|---|
| Dewey Decimal Classification | London | London | News article | 29/08/2001 | WB3732-38 | 114366-1001 | 06/08/2019 | 1 | 06/08/2019 | News article |